El Impuesto sobre la renta /

Պահպանված է:
Մատենագիտական մանրամասներ
Հիմնական հեղինակ: Paz Cárcamo, Guillermo
Ձևաչափ: Տեքստ
Ցուցիչներ: Ավելացրեք ցուցիչ
Չկան պիտակներ, Եղեք առաջինը, ով նշում է այս գրառումը!

MARC

LEADER 00000 a a2200000 04500
001 1770
003
040
100 |a Paz Cárcamo, Guillermo  
245 |a El Impuesto sobre la renta /  |c Guillermo Paz Cárcamo 
773 |g número 1; páginas 1-49  
999 |c 20086  |d 20086